00927nam a2200217 i 450000100060000000300090000600500170001500700030003200800410003508000340007608000300011010000360014024502260017626001020040230000290050449000170053360000280055071000790057883000170065785200350067415471ES-MaACL20250902085825.0t|000316s1997 sp ||||1| spa d a929 Foronda, Valentín de:34 a34 Foronda, Valentín de1 aRivacoba y Rivacoba, Manuel de.10aAspectos penales en la obra de Foronda b: texto de la conferencia de Manuel de Rivacoba y Rivacoba..., pronunciada, el día 18 de febrero de 1997, en el acto organizado por esta Entidad, en el Salón del Archivo Foral. aBilbao : bComisión de Bizcaia de la Real Sociedad Bascongada de los Amigos del País, c1997. a36 p. : bil. ; c24 cm.1 aLanak ; v2214aForonda, Valentín de.2 aReal Sociedad Bascongada de los Amigos del País. bComisión de Vizcaya0 aLanak ; v22 aES-MaACLj2136-F-29 bR.126463